[Event "17th EUR-ch"]
[Site "Gjakova KOS"]
[Date "2016.05.20"]
[Round "8.14"]
[White "Ponomariov, Ruslan"]
[Black "Bortnyk, Olexandr"]
[Result "1/2-1/2"]
[WhiteElo "2715"]
[BlackElo "2565"]
[EventDate "2016.05.12"]
[PlyCount "120"]

1.d4 e6 2.c4 b6 3.e4 Bb7 4.Bd3 Bb4+ 5.Kf1 Be7 6.Nc3 d6 7.Nf3 Nf6 8.g3 O-O 
9.Kg2 Nbd7 10.Re1 e5 11.d5 Nc5 12.Bc2 a5 13.a3 Qd7 14.Be3 Bc8 15.Ng1 Ng4 
16.Bd2 a4 17.h3 Nf6 18.Be3 Nb3 19.Rb1 Ba6 20.Nxa4 Bxc4 21.Nc3 Na5 22.b4 
Nb7 23.a4 c5 24.b5 Na5 25.Qf3 Kh8 26.Bd2 Qb7 27.g4 g6 28.Bh6 Rfd8 29.Nd1 
Nxd5 30.exd5 Bxd5 31.Be4 Bxe4 32.Qxe4 Qxe4+ 33.Rxe4 f6 34.Re2 Nc4 35.Rc1 
d5 36.Nc3 Na5 37.g5 Nb3 38.Rd1 Nd4 39.gxf6 Bxf6 40.Ra2 g5 41.Nge2 Kg8 42.
Nxd4 cxd4 43.Ne2 Rdc8 44.h4 gxh4 45.f4 Rc4 46.fxe5 Bxe5 47.Rf1 Bg7 48.Bxg7
Kxg7 49.Nf4 Rcxa4 50.Raf2 Ra2 51.Kh3 Rxf2 52.Rxf2 Kf6 53.Nxd5+ Ke5 54.Nxb6
Ra3+ 55.Kxh4 Rb3 56.Nc4+ Kd5 57.Na5 Rb1 58.Rf3 d3 59.Rxd3+ Kc5 60.Rb3 Rxb3
1/2-1/2

[Event "17th EUR-ch"]
[Site "Gjakova KOS"]
[Date "2016.05.20"]
[Round "8.15"]
[White "Ragger, Markus"]
[Black "Khismatullin, Denis"]
[Result "1/2-1/2"]
[WhiteElo "2696"]
[BlackElo "2609"]
[EventDate "2016.05.12"]
[PlyCount "130"]

1.d4 Nf6 2.c4 e6 3.Nc3 d5 4.cxd5 exd5 5.Bg5 c6 6.e3 Nbd7 7.Bd3 Be7 8.Nge2 
Nf8 9.O-O Ne6 10.Bh4 O-O 11.Qc2 g6 12.f3 b6 13.Rad1 Bb7 14.Kh1 Rc8 15.Bf2 
Bd6 16.Qd2 Bb8 17.Bg3 Bxg3 18.Nxg3 c5 19.Bb1 Qe7 20.dxc5 bxc5 21.e4 d4 22.
Nce2 Rfd8 23.b3 Ba6 24.Rfe1 Qc7 25.Qh6 c4 26.bxc4 Bxc4 27.Qh4 d3 28.Bxd3 
Bxd3 29.Qxf6 Bxe2 30.Nxe2 Qc2 31.Rxd8+ Rxd8 32.Qa1 Rd2 33.Rc1 Qxa2 34.Rc8+
Nf8 35.Qxa2 Rxa2 36.Nc1 Rb2 37.h4 Kg7 38.Nd3 Rb1+ 39.Kh2 Ne6 40.Kg3 Kf6 
41.Nf4 Nxf4 42.Kxf4 h5 43.Rc6+ Kg7 44.Ra6 Rb7 45.g4 hxg4 46.fxg4 Kg8 47.
Ra4 Kg7 48.Ra5 Kh7 49.Ra6 Kg8 50.h5 gxh5 51.gxh5 Rb5 52.e5 Rb4+ 53.Kg5 Re4
54.Ra5 Kg7 55.h6+ Kh7 56.Kf5 Re1 57.Rxa7 Rf1+ 58.Kg5 Rg1+ 59.Kh4 Rh1+ 60.
Kg3 Kg6 61.Ra6+ Kg5 62.Rf6 Rxh6 63.Rxf7 Re6 64.Rf6 Rxf6 65.exf6 Kxf6 
1/2-1/2

[Event "17th EUR-ch"]
[Site "Gjakova KOS"]
[Date "2016.05.20"]
[Round "8.16"]
[White "Pashikian, Arman"]
[Black "Matlakov, Maxim"]
[Result "1-0"]
[WhiteElo "2612"]
[BlackElo "2693"]
[EventDate "2016.05.12"]
[PlyCount "89"]

1.d4 d5 2.c4 c6 3.Nc3 Nf6 4.e3 e6 5.b3 Bd6 6.Bb2 O-O 7.Bd3 Nbd7 8.Nge2 b6 
9.O-O Bb7 10.Ng3 c5 11.cxd5 cxd4 12.Nce4 Bxg3 13.Nxg3 dxe3 14.dxe6 exf2+ 
15.Rxf2 fxe6 16.Qe2 Rf7 17.Qxe6 Bd5 18.Qf5 Qe7 19.Qg5 h6 20.Qh4 Ne8 21.
Qxe7 Rxe7 22.Nf5 Rf7 23.Re1 Nc5 24.Bc2 Kf8 25.Ne7 Rxf2 26.Ng6+ Kg8 27.Kxf2
Bf7 28.Re7 Rd8 29.Ke3 a5 30.Ra7 Nf6 31.Ne7+ Kf8 32.Ng6+ Kg8 33.Ne7+ Kf8 
34.Nf5 Re8+ 35.Kd2 Rd8+ 36.Kc1 Ne8 37.Ba3 Nf6 38.Rb7 Kg8 39.Rxb6 Nd3+ 40.
Kb1 Ne1 41.Nxh6+ gxh6 42.Rxf6 Rd2 43.Bg6 Bd5 44.Rd6 Nxg2 45.Kc1 1-0

[Event "17th EUR-ch"]
[Site "Gjakova KOS"]
[Date "2016.05.20"]
[Round "8.17"]
[White "Hracek, Zbynek"]
[Black "Kryvoruchko, Yuriy"]
[Result "1/2-1/2"]
[WhiteElo "2598"]
[BlackElo "2691"]
[EventDate "2016.05.12"]
[PlyCount "65"]

1.e4 e5 2.Nf3 Nc6 3.d4 exd4 4.Nxd4 Nf6 5.Nxc6 bxc6 6.Qe2 a5 7.e5 Nd5 8.c4 
Bb4+ 9.Nd2 Nf4 10.Qe3 Ng6 11.a3 Be7 12.Nf3 d6 13.Bd2 Nxe5 14.Nxe5 dxe5 15.
Bc3 O-O 16.Rd1 Qe8 17.Bd3 Bg4 18.f3 Bh5 19.O-O Bg6 20.Bxg6 hxg6 21.Qxe5 
Bf6 22.Qxe8 Rfxe8 23.Bxf6 gxf6 24.Kf2 Rab8 25.Rd2 Kf8 26.Re1 Rxe1 27.Kxe1 
Ke7 28.Kd1 Rb3 29.Re2+ Kd6 30.Kc2 Rb8 31.b3 c5 32.a4 c6 33.Re3 1/2-1/2

[Event "17th EUR-ch"]
[Site "Gjakova KOS"]
[Date "2016.05.20"]
[Round "8.18"]
[White "Hammer, Jon Ludvig"]
[Black "Yilmaz, Mustafa"]
[Result "0-1"]
[WhiteElo "2689"]
[BlackElo "2603"]
[EventDate "2016.05.12"]
[PlyCount "84"]

1.c4 e6 2.Nc3 d5 3.d4 Nf6 4.cxd5 exd5 5.Bg5 c6 6.e3 Be7 7.Bd3 Nbd7 8.Qc2 
Nh5 9.Bxe7 Qxe7 10.O-O-O Nb6 11.Kb1 g6 12.Nge2 Ng7 13.Ng3 Bd7 14.Rc1 h5 
15.h4 O-O-O 16.Na4 Nxa4 17.Qxa4 Kb8 18.Rc3 b6 19.Ra3 Be8 20.Rc1 Ne6 21.Qa6
c5 22.Ne2 c4 23.Bc2 f5 24.Nc3 Rh7 25.Nb5 Qb4 26.Ba4 Rb7 27.Rcc3 Bd7 28.g3 
Bc6 29.Kc1 Be8 30.Kb1 Ng7 31.Rc1 Ne6 32.Rcc3 Bc6 33.Kc1 g5 34.hxg5 Nxg5 
35.Kb1 Ne4 36.Rc1 Nxf2 37.Nc3 Nd3 38.Rc2 Qd6 39.Bxc6 Qxc6 40.Ra4 Rg8 41.
Rg2 Qe6 42.a3 Qxe3 0-1

[Event "17th EUR-ch"]
[Site "Gjakova KOS"]
[Date "2016.05.20"]
[Round "8.19"]
[White "Naer, Evgeny"]
[Black "Andriasian, Zaven"]
[Result "1-0"]
[WhiteElo "2681"]
[BlackElo "2602"]
[EventDate "2016.05.12"]
[PlyCount "217"]

1.d4 Nf6 2.c4 c6 3.Nc3 d5 4.Nf3 dxc4 5.a4 Bf5 6.Ne5 Nbd7 7.Nxc4 Nb6 8.e3 
g6 9.a5 Nxc4 10.Bxc4 Bg7 11.f3 O-O 12.e4 Bd7 13.Be3 Ne8 14.O-O Nc7 15.Qb3 
Be6 16.d5 cxd5 17.exd5 Bc8 18.Rfe1 Ne8 19.Bg5 Bf6 20.Bxf6 exf6 21.Qb4 Qd6 
22.Ra4 f5 23.Bb5 Qxb4 24.Rxb4 Nd6 25.Re7 Nxb5 26.Nxb5 Rd8 27.Nc3 Kf8 28.
Rc7 Rd6 29.Kf2 Ke8 30.Rbc4 Rd8 31.Ke3 b6 32.axb6 axb6 33.Kd4 Be6 34.Ke5 
Bd7 35.Rb7 Ke7 36.Rxb6 Ra1 37.Rc7 Re1+ 38.Kf4 h6 39.Kg3 Rf1 40.h3 Kf8 41.
Ra7 Be8 42.Rab7 Bd7 43.h4 Rh1 44.Rb4 Ke7 45.Kf2 g5 46.R7b6 Rh8 47.hxg5 
hxg5 48.Rd4 Ra8 49.Rd2 f4 50.Ke2 Bf5 51.d6+ Kd7 52.Rb7+ Ke6 53.d7 Rd8 54.
Rd5 Kf6 55.Ne4+ Ke6 56.Rd4 Ke5 57.Ra4 Rxd7 58.Rb5+ Rd5 59.Rxd5+ Kxd5 60.
Nxg5 Bd7 61.Rxf4 f5 62.Rb4 Kc5 63.Rb3 Bb5+ 64.Ke3 Bc4 65.Rb8 Rg1 66.Kf2 
Rb1 67.Kg3 Bb5 68.Ne6+ Kc4 69.Ng7 Rxb2 70.Nxf5 Kc5 71.Ne3 Ra2 72.Kf4 Bc6 
73.Rb1 Kd6 74.Rd1+ Ke6 75.Rc1 Bd7 76.Rc4 Kf6 77.g3 Be6 78.Re4 Ra5 79.Ng4+ 
Kf7 80.Ne3 Kf6 81.g4 Bf7 82.Rb4 Be6 83.Nf1 Bd5 84.Ng3 Ra3 85.Ne4+ Kg7 86.
Rb5 Bc6 87.Rc5 Ba8 88.Rc4 Kg6 89.Rd4 Kg7 90.Ng5 Kg6 91.Rb4 Kf6 92.Rb6+ Kg7
93.Re6 Bd5 94.Re3 Ra6 95.Kg3 Ra2 96.Nh3 Kf6 97.Nf4 Bf7 98.Ne2 Bc4 99.Nc3 
Rb2 100.f4 Be6 101.f5 Bc8 102.Re8 Bb7 103.Re6+ Kf7 104.Ne4 Bd5 105.Re5 Bc6
106.Kh4 Kf8 107.Nf6 Kf7 108.Rc5 Rb6 109.Nd5 1-0

[Event "17th EUR-ch"]
[Site "Gjakova KOS"]
[Date "2016.05.20"]
[Round "8.20"]
[White "Donchenko, Alexander"]
[Black "Korobov, Anton"]
[Result "1-0"]
[WhiteElo "2569"]
[BlackElo "2674"]
[EventDate "2016.05.12"]
[PlyCount "71"]

1.d4 Nf6 2.c4 b6 3.f3 Nc6 4.Nc3 e5 5.d5 Ne7 6.e3 Ng6 7.Bd3 Bc5 8.a3 a5 9.
Nge2 O-O 10.Ng3 c6 11.Na4 cxd5 12.cxd5 d6 13.Nxc5 bxc5 14.O-O Qb6 15.Kh1 
Ba6 16.Bxa6 Qxa6 17.e4 Rfb8 18.Nf5 Nd7 19.h4 Re8 20.Rg1 Ne7 21.g4 Rab8 22.
Rg2 Kh8 23.Be3 a4 24.Qd2 f6 25.Rag1 Rb3 26.Rg3 Rd3 27.Qg2 g6 28.Bh6 Kg8 
29.g5 Kf7 30.Qh3 Nxf5 31.exf5 Qc8 32.h5 Rxd5 33.hxg6+ hxg6 34.gxf6 Nxf6 
35.Rxg6 Rh8 36.Rxf6+ 1-0

[Event "17th EUR-ch"]
[Site "Gjakova KOS"]
[Date "2016.05.20"]
[Round "8.21"]
[White "Howell, David"]
[Black "Antipov, Mikhail"]
[Result "1/2-1/2"]
[WhiteElo "2671"]
[BlackElo "2576"]
[EventDate "2016.05.12"]
[PlyCount "47"]

1.e4 c5 2.Nf3 d6 3.Bb5+ Nc6 4.O-O Bd7 5.Re1 Nf6 6.c3 a6 7.Bc4 Bg4 8.d4 
cxd4 9.cxd4 Rc8 10.Be3 e6 11.d5 exd5 12.Bxd5 Nxd5 13.exd5 Ne5 14.Bd4 Bxf3 
15.Qxf3 Rc1 16.Qe3 Rxe1+ 17.Qxe1 Qg5 18.Nc3 Be7 19.Qe2 Qf4 20.Rd1 h5 21.a4
Qg4 22.f3 Qf4 23.Qf2 O-O 24.Ne2 1/2-1/2

[Event "17th EUR-ch"]
[Site "Gjakova KOS"]
[Date "2016.05.20"]
[Round "8.22"]
[White "Dreev, Alexei"]
[Black "Vocaturo, Daniele"]
[Result "1-0"]
[WhiteElo "2662"]
[BlackElo "2574"]
[EventDate "2016.05.12"]
[PlyCount "93"]

1.d4 Nf6 2.Nf3 g6 3.g3 Bg7 4.Bg2 O-O 5.O-O d6 6.b3 c6 7.Bb2 Qa5 8.Nbd2 Qh5
9.Re1 Bh3 10.e4 Nbd7 11.Bxh3 Qxh3 12.Ng5 Qh5 13.Qxh5 Nxh5 14.e5 Bh6 15.
Ndf3 f6 16.exf6 exf6 17.Ne4 d5 18.Nd6 Rab8 19.g4 Nf4 20.Bc1 Rfd8 21.h4 Nf8
22.g5 fxg5 23.hxg5 Nh3+ 24.Kg2 Nxg5 25.Nxg5 Rxd6 26.Bf4 Rbd8 27.Bxd6 Rxd6 
28.Nf3 Ne6 29.Rad1 Bf4 30.Re2 Kf7 31.Rde1 Kf6 32.c3 h5 33.Ne5 g5 34.Nd3 b6
35.b4 Kf5 36.f3 a5 37.a3 c5 38.dxc5 bxc5 39.bxa5 Nc7 40.Rb1 Ra6 41.Rb6 Bd6
42.Reb2 c4 43.Nb4 Bxb4 44.axb4 Ra7 45.Rd2 Kf4 46.a6 Nxa6 47.Ra2 1-0

[Event "17th EUR-ch"]
[Site "Gjakova KOS"]
[Date "2016.05.20"]
[Round "8.23"]
[White "Prohaszka, Peter"]
[Black "Jones, Gawain"]
[Result "1/2-1/2"]
[WhiteElo "2593"]
[BlackElo "2657"]
[EventDate "2016.05.12"]
[PlyCount "44"]

1.d4 Nf6 2.Nf3 g6 3.Bf4 Bg7 4.c3 b6 5.e3 Bb7 6.h3 d6 7.a4 a5 8.Be2 Nbd7 9.
O-O Ne4 10.Nbd2 e5 11.Bh2 O-O 12.Nxe4 Bxe4 13.dxe5 Nxe5 14.Bxe5 dxe5 15.
Nd2 Bf5 16.Bg4 Bd3 17.Be2 Bf5 18.Bg4 Bd3 19.Be2 h5 20.Bxd3 Qxd3 21.Nf3 Qf5
22.Qd5 Rfd8 1/2-1/2

[Event "17th EUR-ch"]
[Site "Gjakova KOS"]
[Date "2016.05.20"]
[Round "8.25"]
[White "Dvirnyy, Danyyil"]
[Black "Ipatov, Alexander"]
[Result "0-1"]
[WhiteElo "2552"]
[BlackElo "2648"]
[EventDate "2016.05.12"]
[PlyCount "82"]

1.d4 Nf6 2.c4 e6 3.Nc3 Bb4 4.Qc2 d5 5.a3 Bxc3+ 6.Qxc3 c5 7.dxc5 d4 8.Qg3 
Nc6 9.b4 e5 10.Qxg7 Rg8 11.Qh6 Be6 12.Nf3 Rg6 13.Qd2 e4 14.Bb2 exf3 15.
exf3 b6 16.cxb6 axb6 17.O-O-O Qc7 18.Re1 O-O-O 19.g3 Kb8 20.Qc2 Ne5 21.Rd1
d3 22.Bxe5 Qxe5 23.Bxd3 Qa1+ 24.Kd2 Qxa3 25.Qc3 Qxc3+ 26.Kxc3 Rgg8 27.Rhe1
Rc8 28.Bf1 Rc6 29.Re5 h6 30.h3 Rg5 31.Rde1 Nd7 32.R5e4 Nf6 33.Re5 Nd5+ 34.
Kb3 Nc7 35.f4 Rxe5 36.fxe5 b5 37.Re4 Na8 38.Kc3 bxc4 39.b5 Rc8 40.Rd4 Nb6 
41.Bg2 Rc5 0-1

[Event "17th EUR-ch"]
[Site "Gjakova KOS"]
[Date "2016.05.20"]
[Round "8.26"]
[White "Oparin, Grigoriy"]
[Black "Zhigalko, Sergei"]
[Result "0-1"]
[WhiteElo "2575"]
[BlackElo "2647"]
[EventDate "2016.05.12"]
[PlyCount "72"]

1.d4 Nf6 2.c4 e6 3.Nf3 Bb4+ 4.Bd2 Qe7 5.Nc3 O-O 6.Qc2 d6 7.a3 Bxc3 8.Bxc3 
Nbd7 9.g3 b6 10.Bg2 Bb7 11.b4 c5 12.O-O cxd4 13.Bxd4 Rac8 14.Qb3 Rc7 15.
Rac1 Rfc8 16.Bb2 h6 17.Rfd1 Be4 18.a4 a6 19.Ba3 Ne8 20.Qe3 Bxf3 21.exf3 a5
22.bxa5 bxa5 23.f4 Nc5 24.f5 e5 25.f4 Nxa4 26.fxe5 Qxe5 27.Qf2 Qf6 28.Bd5 
Nc3 29.Re1 Nxd5 30.cxd5 Rxc1 31.Bxc1 Qd8 32.Ba3 Nf6 33.Qf4 Qb6+ 34.Qf2 Qb3
35.Bxd6 Rc2 36.Qf4 Qxd5 0-1

[Event "17th EUR-ch"]
[Site "Gjakova KOS"]
[Date "2016.05.20"]
[Round "8.27"]
[White "Kobalia, Mikhail"]
[Black "Kulaots, Kaido"]
[Result "1-0"]
[WhiteElo "2646"]
[BlackElo "2566"]
[EventDate "2016.05.12"]
[PlyCount "79"]

1.e4 c5 2.Nf3 d6 3.d4 cxd4 4.Nxd4 Nf6 5.Nc3 a6 6.Be3 Ng4 7.Bg5 h6 8.Bh4 g5
9.Bg3 Bg7 10.Be2 h5 11.h4 Nc6 12.Nb3 gxh4 13.Bxh4 Be6 14.Qd2 Rc8 15.f3 Bh6
16.Bg5 Bxg5 17.Qxg5 Nf6 18.Qd2 Rg8 19.Bf1 Qb6 20.O-O-O Ne5 21.Kb1 Ng6 22.
Nd4 h4 23.Nf5 Rh8 24.Ne2 Bxf5 25.exf5 Ne5 26.Nd4 Kd7 27.Re1 Qc5 28.c3 Rcg8
29.Ka1 Re8 30.Qf2 Nc6 31.Rxh4 Rxh4 32.Qxh4 Nxd4 33.Qxd4 Qxf5 34.Qb4 b5 35.
c4 Rb8 36.cxb5 axb5 37.a4 e6 38.Rc1 Qe5 39.Qa5 Ke8 40.Qc7 1-0

[Event "17th EUR-ch"]
[Site "Gjakova KOS"]
[Date "2016.05.20"]
[Round "8.28"]
[White "Firat, Burak"]
[Black "Melkumian, Hrant"]
[Result "0-1"]
[WhiteElo "2461"]
[BlackElo "2646"]
[EventDate "2016.05.12"]
[PlyCount "62"]

1.e4 c6 2.d4 d5 3.Nc3 dxe4 4.Nxe4 Nd7 5.Nf3 Ngf6 6.Nxf6+ Nxf6 7.Qd3 g6 8.
g3 Bg7 9.Bg2 Bf5 10.Qe2 Be4 11.c3 O-O 12.O-O Qd5 13.Bf4 e6 14.Rfe1 Rfe8 
15.Be5 Qd8 16.c4 a5 17.Rad1 a4 18.Qe3 Bxf3 19.Qxf3 Ra5 20.Qc3 Ra6 21.Bf3 
Qa5 22.Kg2 Nd7 23.Bxg7 Kxg7 24.Qxa5 Rxa5 25.d5 cxd5 26.cxd5 e5 27.d6 Rb5 
28.Rd2 Rd8 29.Re4 Nb6 30.Be2 Rc5 31.Rb4 Nd5 0-1

[Event "17th EUR-ch"]
[Site "Gjakova KOS"]
[Date "2016.05.20"]
[Round "8.29"]
[White "Basso, Pier Luigi"]
[Black "Kravtsiv, Martyn"]
[Result "1/2-1/2"]
[WhiteElo "2454"]
[BlackElo "2641"]
[EventDate "2016.05.12"]
[PlyCount "108"]

1.d4 Nf6 2.c4 e6 3.Nc3 Bb4 4.Qc2 O-O 5.a3 Bxc3+ 6.Qxc3 d5 7.Nf3 Nbd7 8.Bg5
h6 9.Bxf6 Nxf6 10.e3 b6 11.Be2 Ba6 12.O-O c5 13.dxc5 bxc5 14.Rfd1 Qb6 15.
Qc2 Bb7 16.cxd5 Bxd5 17.Rdc1 Rfb8 18.Rab1 Be4 19.Bd3 Bxf3 20.gxf3 Rd8 21.
Be2 Rd5 22.f4 Rad8 23.Rd1 g5 24.Rxd5 Rxd5 25.Bc4 Rd6 26.f5 e5 27.Rc1 Qd8 
28.Bf1 Rd2 29.Qxc5 Rxb2 30.Qc8 Rd2 31.Bb5 Qxc8 32.Rxc8+ Kg7 33.Rc7 Ne4 34.
Rxa7 g4 35.Rd7 Rb2 36.Bf1 Ng5 37.Rd1 h5 38.Ra1 h4 39.Bg2 h3 40.Bh1 Rb5 41.
Kf1 e4 42.a4 Ra5 43.Ke2 Kf6 44.Kd2 Kxf5 45.Kc3 Ne6 46.Kb4 Ra7 47.a5 Ke5 
48.Kb5 Rb7+ 49.Kc6 Nd8+ 50.Kc5 Ne6+ 51.Kc6 Nd8+ 52.Kc5 Rc7+ 53.Kb6 Rb7+ 
54.Kc5 Ne6+ 1/2-1/2

[Event "17th EUR-ch"]
[Site "Gjakova KOS"]
[Date "2016.05.20"]
[Round "8.30"]
[White "Romanov, Evgeny"]
[Black "Kovalev, Vladislav"]
[Result "1/2-1/2"]
[WhiteElo "2641"]
[BlackElo "2562"]
[EventDate "2016.05.12"]
[PlyCount "67"]

1.e4 c5 2.Nf3 Nc6 3.Bb5 g6 4.O-O Bg7 5.c3 e5 6.Na3 Nge7 7.Nc4 d5 8.exd5 
Qxd5 9.d3 O-O 10.Re1 Kh8 11.h3 f6 12.a4 Be6 13.a5 Rad8 14.Be3 g5 15.Ncd2 
Nf5 16.Bc4 Nxe3 17.Rxe3 Qd7 18.Bxe6 Qxe6 19.Qb3 Qc8 20.Ra4 Ne7 21.d4 Nf5 
22.Re4 cxd4 23.cxd4 exd4 24.Nxd4 Nxd4 25.Rexd4 f5 26.Rxd8 Rxd8 27.Nf1 Bd4 
28.Rb4 Qc5 29.Rxb7 Bxf2+ 30.Kh1 Qc1 31.Rxh7+ Kxh7 32.Qf7+ Kh6 33.Qf6+ Kh7 
34.Qf7+ 1/2-1/2

[Event "17th EUR-ch"]
[Site "Gjakova KOS"]
[Date "2016.05.20"]
[Round "8.31"]
[White "Oleksiyenko, Mykhaylo"]
[Black "Tari, Aryan"]
[Result "0-1"]
[WhiteElo "2622"]
[BlackElo "2558"]
[EventDate "2016.05.12"]
[PlyCount "80"]

1.e4 e5 2.Nf3 Nc6 3.d4 exd4 4.Nxd4 Bc5 5.Nb3 Bb6 6.Nc3 Nf6 7.Qe2 a5 8.e5 
O-O 9.exf6 a4 10.Nd2 Re8 11.Nde4 d5 12.Qd2 Qxf6 13.Bb5 dxe4 14.O-O Qg6 15.
Nd5 Bg4 16.Nxb6 cxb6 17.Qg5 Qxg5 18.Bxg5 Re5 19.Bxc6 bxc6 20.Be3 b5 21.h3 
Be6 22.Rfd1 g5 23.b3 h6 24.Rac1 Rd5 25.g4 Kh7 26.Rxd5 cxd5 27.Kg2 Kg6 28.
Bd4 h5 29.Kg3 h4+ 30.Kh2 b4 31.Rd1 Rc8 32.Rd2 a3 33.Kg2 f5 34.gxf5+ Bxf5 
35.Be5 e3 36.fxe3 Bxc2 37.Bd6 Be4+ 38.Kf2 Rc1 39.Bxb4 Rh1 40.Bxa3 Rxh3 0-1

[Event "17th EUR-ch"]
[Site "Gjakova KOS"]
[Date "2016.05.20"]
[Round "8.32"]
[White "Svane, Rasmus"]
[Black "Nabaty, Tamir"]
[Result "1/2-1/2"]
[WhiteElo "2526"]
[BlackElo "2619"]
[EventDate "2016.05.12"]
[PlyCount "64"]

1.d4 Nf6 2.c4 e6 3.Nf3 d5 4.Nc3 c5 5.cxd5 Nxd5 6.e4 Nxc3 7.bxc3 cxd4 8.
cxd4 Bb4+ 9.Bd2 Bxd2+ 10.Qxd2 O-O 11.Rc1 Nd7 12.Bd3 b6 13.e5 Bb7 14.Ng5 h6
15.Ne4 Qh4 16.Qe3 f5 17.exf6 Nxf6 18.Nxf6+ Rxf6 19.O-O Bd5 20.Bc4 Qf4 21.
Bxd5 exd5 22.Qe5 Rf5 23.Qe6+ Kh7 24.g3 Qf3 25.Rc3 Rf6 26.Rxf3 Rxe6 27.Rf7 
Kg6 28.Rd7 Re2 29.Rc1 Rf8 30.Rc6+ Kh7 31.Rcc7 Rfxf2 32.Rxg7+ Kh8 1/2-1/2

[Event "17th EUR-ch"]
[Site "Gjakova KOS"]
[Date "2016.05.20"]
[Round "8.33"]
[White "Bok, Benjamin"]
[Black "Petrosian, Manuel"]
[Result "1/2-1/2"]
[WhiteElo "2614"]
[BlackElo "2480"]
[EventDate "2016.05.12"]
[PlyCount "105"]

1.e4 e5 2.Nf3 Nc6 3.Bc4 Bc5 4.O-O Nf6 5.d3 O-O 6.c3 a6 7.Re1 d6 8.Bg5 Ba7 
9.Bb3 h6 10.Bh4 g5 11.Bg3 Na5 12.Bc2 Nh5 13.b4 Nxg3 14.bxa5 Nh5 15.Nxe5 
Qf6 16.d4 dxe5 17.Qxh5 g4 18.Qxe5 Qxe5 19.dxe5 Re8 20.Nd2 Rxe5 21.Nc4 Rc5 
22.Bb3 Be6 23.Ne3 Re8 24.Rab1 Rxa5 25.Nd5 Bxd5 26.exd5 Rxe1+ 27.Rxe1 Rc5 
28.c4 b5 29.cxb5 axb5 30.g3 Rc3 31.d6 cxd6 32.Re8+ Kg7 33.Re7 Bc5 34.Rxf7+
Kg6 35.Rf4 h5 36.Kg2 Rc1 37.h3 gxh3+ 38.Kxh3 Re1 39.Bc2+ Kg7 40.Bd3 Ra1 
41.Bxb5 Rxa2 42.Kg2 h4 43.gxh4 Rxf2+ 44.Rxf2 Bxf2 45.Kxf2 d5 46.Kg3 d4 47.
Kg4 d3 48.Bxd3 Kh8 49.Kg5 Kg7 50.h5 Kh8 51.h6 Kg8 52.Kg6 Kh8 53.Bc4 
1/2-1/2

[Event "17th EUR-ch"]
[Site "Gjakova KOS"]
[Date "2016.05.20"]
[Round "8.34"]
[White "Atakisi, Umut"]
[Black "Pantsulaia, Levan"]
[Result "0-1"]
[WhiteElo "2330"]
[BlackElo "2613"]
[EventDate "2016.05.12"]
[PlyCount "68"]

1.Nf3 Nf6 2.c4 c5 3.Nc3 e6 4.g3 b6 5.Bg2 Bb7 6.O-O a6 7.b3 d6 8.Bb2 Be7 9.
e3 O-O 10.Qe2 Nbd7 11.Rfd1 Rc8 12.d4 Rc7 13.Ne1 Bxg2 14.Nxg2 cxd4 15.exd4 
Re8 16.Ne3 Bf8 17.Qf3 g6 18.a4 Qc8 19.Rac1 h5 20.h3 Bh6 21.Ba3 d5 22.Bd6 
Bxe3 23.fxe3 Rc6 24.c5 bxc5 25.dxc5 Qb7 26.Rf1 Qxb3 27.Be5 Nxe5 28.Qxf6 
Qb8 29.Nb5 axb5 30.axb5 Rcc8 31.Qg5 Rf8 32.Rf6 Kg7 33.c6 Nd3 34.Rcf1 Qe5 
0-1

[Event "17th EUR-ch"]
[Site "Gjakova KOS"]
[Date "2016.05.20"]
[Round "8.35"]
[White "Sivuk, Vitaly"]
[Black "Sargissian, Gabriel"]
[Result "0-1"]
[WhiteElo "2532"]
[BlackElo "2689"]
[EventDate "2016.05.12"]
[PlyCount "86"]

1.d4 Nf6 2.Bf4 d5 3.e3 c5 4.c3 Nc6 5.Nd2 Bf5 6.Be2 e6 7.Ngf3 Qb6 8.Qc1 Be7
9.a4 c4 10.O-O O-O 11.Nh4 Be4 12.Nxe4 Nxe4 13.Nf3 g5 14.Bg3 h5 15.Ne5 Nxg3
16.hxg3 Nxe5 17.dxe5 g4 18.e4 Kg7 19.a5 Qc5 20.exd5 exd5 21.Qf4 Qc6 22.b3 
cxb3 23.Rab1 Bc5 24.Rxb3 b6 25.Bd3 Qh6 26.Qf5 Qg6 27.Rd1 Qxf5 28.Bxf5 Rfe8
29.Rxd5 Rad8 30.Rxd8 Rxd8 31.axb6 Bxb6 32.Rb2 Rd1+ 33.Kh2 Rf1 34.f4 gxf3 
35.gxf3 Rxf3 36.g4 h4 37.Rd2 Bc7 38.Re2 f6 39.c4 h3 40.Re1 Bxe5+ 41.Kh1 
Kh6 42.Rc1 Kg5 43.c5 Rc3 0-1

[Event "17th EUR-ch"]
[Site "Gjakova KOS"]
[Date "2016.05.20"]
[Round "8.36"]
[White "Fedoseev, Vladimir"]
[Black "Esen, Baris"]
[Result "1-0"]
[WhiteElo "2685"]
[BlackElo "2508"]
[EventDate "2016.05.12"]
[PlyCount "99"]

1.e4 c5 2.Nf3 d6 3.d4 cxd4 4.Nxd4 Nf6 5.Nc3 a6 6.Be3 e5 7.Nf3 Qc7 8.a4 Be7
9.Be2 O-O 10.a5 Nc6 11.Bb6 Qb8 12.Nd5 Nxe4 13.Ra4 Nc5 14.Bc7 Qa7 15.Nxe5 
Nxa4 16.Nxc6 bxc6 17.Nxe7+ Kh8 18.Qxd6 Re8 19.O-O Qc5 20.b3 Qxd6 21.Bxd6 
Nc3 22.Bf3 Bb7 23.Re1 Nd5 24.Kf1 Nxe7 25.Bxe7 Kg8 26.Re3 Ra7 27.Ke2 Ba8 
28.Bc5 Rxe3+ 29.Kxe3 Rd7 30.b4 Bb7 31.c3 g6 32.g4 f6 33.Bd4 Kf7 34.Kd3 c5 
35.Bxb7 Rxb7 36.Bxc5 Ke6 37.Kc4 Rb5 38.Kd4 Rb8 39.c4 Rd8+ 40.Kc3 Rd1 41.
Bd4 Rc1+ 42.Kb3 Rb1+ 43.Bb2 Kd7 44.b5 Rh1 45.bxa6 Kc6 46.Bd4 Rxh2 47.c5 
Rh1 48.a7 Kb7 49.c6+ Ka8 50.c7 1-0

[Event "17th EUR-ch"]
[Site "Gjakova KOS"]
[Date "2016.05.20"]
[Round "8.37"]
[White "Laznicka, Viktor"]
[Black "Deac, Bogdan-Daniel"]
[Result "1/2-1/2"]
[WhiteElo "2668"]
[BlackElo "2501"]
[EventDate "2016.05.12"]
[PlyCount "79"]

1.Nf3 Nf6 2.g3 d5 3.Bg2 g6 4.d4 Bg7 5.c4 c6 6.O-O O-O 7.b3 dxc4 8.bxc4 c5 
9.Bb2 cxd4 10.Nxd4 Qb6 11.Qc2 Rd8 12.c5 Qa6 13.a4 Nc6 14.Nb5 Ne8 15.Bxg7 
Kxg7 16.Qb2+ Kg8 17.a5 Bd7 18.N1c3 Be6 19.Rfb1 Rac8 20.Ra4 Rd7 21.e3 Ne5 
22.Nd4 Nd3 23.Qxb7 Nxc5 24.Qxa6 Nxa6 25.Nxe6 Rxc3 26.Bf1 fxe6 27.Bxa6 Nd6 
28.Bf1 Rdc7 29.a6 Rc1 30.Rab4 Rxb1 31.Rxb1 Kf7 32.h4 e5 33.Kg2 Kf6 34.g4 
h6 35.Kf3 e4+ 36.Kg3 g5 37.Bg2 Rc6 38.Ra1 Rc5 39.Ra4 Ke5 40.hxg5 1/2-1/2

[Event "17th EUR-ch"]
[Site "Gjakova KOS"]
[Date "2016.05.20"]
[Round "8.38"]
[White "Neverov, Valeriy"]
[Black "Areschenko, Alexander"]
[Result "1/2-1/2"]
[WhiteElo "2498"]
[BlackElo "2667"]
[EventDate "2016.05.12"]
[PlyCount "56"]

1.d4 Nf6 2.Nf3 g6 3.g3 Bg7 4.Bg2 d5 5.c4 c6 6.Nbd2 O-O 7.O-O Bf5 8.b3 Ne4 
9.Bb2 Qa5 10.Nxe4 Bxe4 11.Qd2 Qxd2 12.Nxd2 Bxg2 13.Kxg2 Rd8 14.Rac1 Na6 
15.Nf3 c5 16.e3 cxd4 17.Bxd4 Bxd4 18.Nxd4 Nb4 19.cxd5 Nxd5 20.Rc4 Kg7 21.
Rfc1 Rd7 22.Nb5 a6 23.Nc7 Rad8 24.Nxd5 Rxd5 25.Rc7 R8d7 26.Kf3 Kf6 27.Rxd7
Rxd7 28.Ke2 Ke6 1/2-1/2

[Event "17th EUR-ch"]
[Site "Gjakova KOS"]
[Date "2016.05.20"]
[Round "8.40"]
[White "Andersen, Mads"]
[Black "Moiseenko, Olexandr"]
[Result "1/2-1/2"]
[WhiteElo "2505"]
[BlackElo "2663"]
[EventDate "2016.05.12"]
[PlyCount "75"]

1.d4 Nf6 2.c4 e6 3.Nf3 b6 4.g3 Bb7 5.Bg2 Bb4+ 6.Bd2 c5 7.Bxb4 cxb4 8.O-O 
O-O 9.a3 Qe7 10.Qb3 Nc6 11.axb4 Nxb4 12.Rc1 a5 13.Nc3 d5 14.cxd5 Nfxd5 15.
Ne5 Rfc8 16.Nxd5 Bxd5 17.Bxd5 Nxd5 18.Nd3 Qd8 19.Qb5 h5 20.h4 Qe8 21.Qxe8+
Rxe8 22.Rc6 Rec8 23.Rac1 Rxc6 24.Rxc6 b5 25.Rc5 b4 26.Rb5 Ra7 27.e4 Ne7 
28.d5 exd5 29.exd5 Ra6 30.Ne5 a4 31.Rxb4 f6 32.Rb8+ Kh7 33.Nc4 Nxd5 34.Rb5
Rc6 35.Na3 Rc1+ 36.Kg2 Rd1 37.Kf3 Rd3+ 38.Ke4 1/2-1/2

[Event "17th EUR-ch"]
[Site "Gjakova KOS"]
[Date "2016.05.20"]
[Round "8.41"]
[White "Gasanov, Eldar"]
[Black "Postny, Evgeny"]
[Result "1/2-1/2"]
[WhiteElo "2496"]
[BlackElo "2662"]
[EventDate "2016.05.12"]
[PlyCount "118"]

1.c4 e5 2.Nc3 Bb4 3.Qb3 Bxc3 4.Qxc3 Nc6 5.Nf3 d6 6.d4 Qe7 7.d5 Nb8 8.g3 
Nf6 9.Bg2 O-O 10.O-O a5 11.b3 Nbd7 12.Qc2 Ne8 13.Nh4 Nc5 14.e4 Bd7 15.Be3 
g6 16.a3 a4 17.b4 Nb3 18.Rad1 c5 19.dxc6 bxc6 20.Qd3 Be6 21.Nf3 f6 22.Nd2 
Nxd2 23.Rxd2 c5 24.Rb1 Rc8 25.Qc2 f5 26.exf5 Bxf5 27.Be4 Ng7 28.bxc5 dxc5 
29.Rd5 Qf6 30.Rxc5 Ne6 31.Rxc8 Rxc8 32.Rb6 Qf7 33.c5 Nd4 34.Bxd4 exd4 35.
c6 Qe6 36.Bxf5 gxf5 37.Qd2 Rxc6 38.Qg5+ Kf8 39.Rb8+ Rc8 40.Rxc8+ Qxc8 41.
Qf6+ Kg8 42.Qxd4 Qc1+ 43.Kg2 Qxa3 44.Qd5+ Kg7 45.Qxf5 Qb3 46.h4 a3 47.h5 
Qb7+ 48.Kh2 Qb2 49.h6+ Kxh6 50.Qe6+ Kg7 51.Qe7+ Kg6 52.Qd6+ Kf7 53.Qd7+ 
Kf6 54.Qd6+ Kg7 55.Qe7+ Kg6 56.Qd6+ Qf6 57.Qd3+ Kg7 58.Qxa3 Qxf2+ 59.Kh3 
Qf1+ 1/2-1/2

[Event "17th EUR-ch"]
[Site "Gjakova KOS"]
[Date "2016.05.20"]
[Round "8.42"]
[White "Swiercz, Dariusz"]
[Black "Godena, Michele"]
[Result "1-0"]
[WhiteElo "2656"]
[BlackElo "2493"]
[EventDate "2016.05.12"]
[PlyCount "115"]

1.d4 d5 2.Nf3 e6 3.c4 a6 4.Bg5 Be7 5.Bxe7 Nxe7 6.Nbd2 dxc4 7.Nxc4 Nd7 8.e3
O-O 9.Be2 b6 10.O-O Bb7 11.Rc1 Ng6 12.Qc2 Qe7 13.Rfd1 Rac8 14.Qd2 Rfd8 15.
Qe1 c5 16.dxc5 Rxc5 17.Rc3 Bd5 18.a3 Rdc8 19.Rdc1 h6 20.b4 R5c7 21.Nb2 
Nde5 22.Nxe5 Nxe5 23.f4 Ng6 24.Bxa6 Rxc3 25.Rxc3 Rxc3 26.Qxc3 e5 27.Qd2 
Be4 28.Bf1 Qa7 29.Nc4 b5 30.Nxe5 Nxe5 31.fxe5 Qxa3 32.Bxb5 Qa1+ 33.Bf1 
Qxe5 34.Qd4 Qxd4 35.exd4 Kf8 36.Kf2 Ke7 37.Ke3 Bd5 38.g3 Kd6 39.Bd3 g5 40.
Kd2 f6 41.Kc3 Be6 42.Be4 Bd7 43.Kc4 Be6+ 44.d5 Bh3 45.b5 f5 46.Bh1 Bf1+ 
47.Kb4 Be2 48.b6 Ba6 49.Bf3 g4 50.Bg2 h5 51.Ka5 Bb7 52.Kb5 h4 53.gxh4 f4 
54.h5 f3 55.Bf1 Bxd5 56.h6 Be4 57.Ka6 Ke7 58.h7 1-0